00451 2200181 4500001002100000005001500021008004100036035001900077041000700096082001500103090002100118100001800139245002400157260003700181300002500218500001000243650001600253INLIS00000000000153920241224112352241224||||||||| | ||| |||| || |  0010-1224001539 aid0 a398.209598 a398.209598 DAD m0 aDadan Sutisna00aMisteri Haur Geulis aBandungbKiblat Buku Utamac2012 a84 hlm.:ilus.;21 cm. aCet.5 0aIlmu Sosial